Statistics for New Zealand Cricketers: Black Caps

Click here to take the quiz!

General Stats

  • This quiz has been taken 611 times
    (44 since last reset)
  • The average score is 238 of 347

Answer Stats

Range of Active YearsFormatsPlayer% Correct
2018-2023T20+TestAjaz Patel
100%
2013TestBruce Martin
100%
1990-1999ODI+TestBryan Young
100%
2000-2013Test+ODI+T20Chris Martin
100%
1987-1997Test+ODIDipak Patel
100%
2017-2024T20+Test+ODIGlen Phillips
100%
2008-2016Test+ODI+T20Grant Elliott
100%
2015-2023ODI+Test+T20Henry Nicholls
100%
2005-2017ODI+T20+TestJeetan Patel
100%
2008-2014T20+ODI+TestJesse Ryder
100%
1930-1933TestJohn Mills
100%
2020-2024ODI+Test+T20Kyle Jamieson
100%
2001-2015ODI+Test+T20Kyle Mills
100%
1955TestLes Watt
100%
2018-2024T20+ODIMark Chapman
100%
2009-2022ODI+T20+TestMartin Guptill
100%
2015-2024ODI+T20+TestMitchell Santner
100%
2011TestReece Young
100%
2010-2013T20+ODI+TestRob Nicol
100%
1994-2008Test+ODI+T20Stephen Fleming
100%
2008-2024T20+Test+ODITim Southee
100%
2017-2024T20+Test+ODITom Blundell
100%
2011-2024Test+ODI+T20Trent Boult
100%
2020-2024Test+ODI+T20Will Young
100%
2010-2024T20+ODIAdam Milne
90%
1990-2002Test+ODIAdam Parore
90%
1975ODIBarry Hadlee
90%
2009-2021T20+Test+ODIBJ Watling
90%
1989-2006Test+ODI+T20Chris Cairns
90%
2021-2023T20+ODICole McConchie
90%
2012-2022T20+ODI+TestColin de Grandhomme
90%
1995-2001Test+ODICraig Spearman
90%
1996-2015Test+ODI+T20Daniel Vettori
90%
1969-1978Test+ODIDayle Hadlee
90%
1947-1956TestDon Taylor
90%
2021-2024T20+ODIFinn Allen
90%
2013-2024Test+T20+ODIIsh Sodhi
90%
2001-2012ODI+Test+T20Jacob Oram
90%
2001-2013ODI+Test+T20James Franklin
90%
2012-2023T20+ODI+TestJames Neesham
90%
2005-2011ODI+Test+T20Jamie How
90%
2016-2020TestJeet Raval
90%
1983-1990ODI+TestJeff Crowe
90%
2010-2024ODI+Test+T20Kane Williamson
90%
1974-1985Test+ODILance Cairns
90%
2016-2024ODI+T20+TestLockie Ferguson
90%
2013-2017ODI+T20+TestLuke Ronchi
90%
2014-2016TestMark Craig
90%
1982-1995ODI+TestMartin Crowe
90%
2014-2024ODI+T20+TestMatt Henry
90%
1994-2002Test+ODIMatthew Hart
90%
1995-2007ODI+Test+T20Nathan Astle
90%
2012-2024TestNeil Wagner
90%
2004-2014ODI+T20+TestPeter Fulton
90%
1973-1990Test+ODIRichard Hadlee
90%
2002-2003ODI+TestRobbie Hart
90%
1990-1994ODI+TestRod Latham
90%
1995-2001Test+ODIRoger Twose
90%
1985ODIRon Hart
90%
2006-2022ODI+T20+TestRoss Taylor
90%
2017-2024ODI+T20+TestScott Kuggeleijn
90%
1999-2010ODI+Test+T20Scott Styris
90%
2001-2010Test+ODI+T20Shane Bond
90%
1992-2000ODI+TestSimon Doull
90%
2018-2024T20+ODITim Seifert
90%
2012-2021Test+T20+ODITodd Astle
90%
2012-2024ODI+T20+TestTom Latham
90%
1983-1991ODI+TestTrevor Franklin
90%
1937-1951TestWalter Hadlee
90%
2023-2024ODI+TestWill O'Rourke
90%
1987-1995Test+ODIAndrew Jones
80%
1963-1968TestBarry Sinclair
80%
1954TestBill Bell
80%
1993-1997TestBlair Pocock
80%
1978-1985ODI+TestBrendon Bracewell
80%
2002-2016ODI+Test+T20Brendon McCullum
80%
1978-1986ODI+TestBruce Edgar
80%
1963TestBruce Morrison
80%
1965-1973Test+ODIBruce Taylor
80%
1947-1952TestBrun Smith
80%
1988-1989ODI+TestChris Kuggeleijn
80%
1990-1995ODI+TestChris Pringle
80%
2012-2020T20+Test+ODIColin Munro
80%
2012-2018T20+ODI+TestCorey Anderson
80%
2003-2009ODI+TestCraig Cumming
80%
2008-2013T20+ODI+TestDaniel Flynn
80%
1987-1997ODI+TestDanny Morrison
80%
2019-2024T20+Test+ODIDaryl Mitchell
80%
2000-2010ODI+Test+T20Daryl Tuffey
80%
1990Test+ODIDavid White
80%
2010-2017T20+Test+ODIDean Brownlie
80%
1933TestDennis Smith
80%
2020-2024T20+ODI+TestDevon Conway
80%
1992-2002ODI+TestDion Nash
80%
2011-2023T20+ODI+TestDoug Bracewell
80%
1983-1988Test+ODIEvan Gray
80%
1974-1989Test+ODIEwen Chatfield
80%
1990-1999ODI+TestGavin Larsen
80%
1996-2000Test+ODIGeoff Allott
80%
1975-1985Test+ODIGeoff Howarth
80%
1996TestGreg Loveridge
80%
2000-2007Test+ODI+T20Hamish Marshall
80%
2013-2019T20+ODI+TestHamish Rutherford
80%
1969-1977Test+ODIHedley Howarth
80%
1956TestIan Sinclair
80%
1980-1992ODI+TestIan Smith
80%
2005-2008ODI+Test+T20James Marshall
80%
1974-1987Test+ODIJeremy Coney
80%
1980-1990Test+ODIJohn Bracewell
80%
1973-1983Test+ODIJohn Morrison
80%
1949-1965TestJohn Reid
80%
1979-1986Test+ODIJohn Reid
80%
1978-1993Test+ODIJohn Wright
80%
1985-1995ODI+TestKen Rutherford
80%
1994-1997ODI+TestLee Germon
80%
1946TestMac Anderson
80%
1988-1996Test+ODIMark Greatbatch
80%
2000-2004Test+ODIMark Richardson
80%
1999-2009Test+ODI+T20Mathew Sinclair
80%
1998-2008ODI+TestMatthew Bell
80%
2022-2023ODI+Test+T20Michael Bracewell
80%
2007-2016T20+ODINathan McCullum
80%
1998-2005ODI+TestPaul Wiseman
80%
2010T20+ODI+TestPeter Ingram
80%
2021-2024T20+Test+ODIRachin Ravindra
80%
1965-1978Test+ODIRichard Collinge
80%
2003ODI+TestRichard Jones
80%
1988-1991ODIRichard Reid
80%
1976-1978Test+ODIRobert Anderson
80%
1986-1994ODI+TestTony Blain
80%
1985-1988Test+ODIVaughan Brown
80%
1986-1994ODI+TestWillie Watson
80%
2008-2013Test+T20+ODIAaron Redmond
70%
2023T20+ODIAdithya Ashok
70%
1930-1937TestAlby Roberts
70%
2001-2007ODI+Test+T20Andre Adams
70%
2010-2012ODI+T20+TestAndy McKay
70%
1976Test+ODIAndy Roberts
70%
2021-2024T20+TestBen Sears
70%
1947-1965TestBert Sutcliffe
70%
1965-1978Test+ODIBevan Congdon
70%
1992-1994Test+ODIBlair Hartland
70%
2019-2023T20+ODI+TestBlair Tickner
70%
2010-2012TestBrent Arnel
70%
1969-1976TestBrian Hastings
70%
1975-1981ODIBrian McKechnie
70%
1999ODICarl Bulfin
70%
1999-2002ODI+TestChris Drum
70%
1990-2004ODI+TestChris Harris
70%
2000-2003ODIChris Nevin
70%
1947TestColin Snedden
70%
1997-2007ODI+Test+T20Craig McMillan
70%
2023T20+ODIDean Foxcroft
70%
1953-1954TestEric Dempster
70%
2008-2009T20+ODIEwen Thompson
70%
2004-2010ODI+T20+TestGareth Hopkins
70%
1969-1983Test+ODIGlenn Turner
70%
2000ODIGlen Sulzberger
70%
2002-2013ODI+Test+T20Ian Butler
70%
1931-1937TestJack Kerr
70%
1993-2005ODI+T20Jeff Wilson
70%
1973-1981Test+ODIJohn Parker
70%
1992-1997Test+ODIJustin Vaughan
70%
1968TestKeith Thomson
70%
1969-1976Test+ODIKen Wadsworth
70%
2012TestKruger van Wyk
70%
1998ODILlorne Howell
70%
2001-2007ODI+Test+T20Lou Vincent
70%
2006-2012T20+ODI+TestMark Gillespie
70%
1992-1995Test+ODIMark Haslam
70%
1980-1990ODI+TestMartin Snedden
70%
1997-2003TestMatthew Horne
70%
2003-2010ODI+Test+T20Michael Mason
70%
2004-2007ODI+TestMichael Papps
70%
1976ODI+TestMurray Parker
70%
2006-2010T20+ODIPeter McGlashan
70%
1987-1990Test+ODIPhil Horne
70%
1988-1989ODI+TestRobert Vance
70%
1973Test+ODIRodney Redmond
70%
1959TestRoger Harris
70%
2017-2019ODI+T20Seth Rance
70%
1990-1996Test+ODIShane Thomson
70%
1978-1989Test+ODIStephen Boock
70%
1930-1933TestStewie Dempster
70%
1986-1988ODI+TestStu Gillespie
70%
1990ODIStu Roberts
70%
1930-1933TestTed Badcock
70%
2008-2011TestTim McIntosh
70%
2017-2020T20Tom Bruce
70%
1976-1983Test+ODIWarren Lees
70%
2018-2021TestWill Somerville
70%
1955-1965TestZin Harris
70%
1998-1999ODIAlex Tait
60%
2017-2018T20Anaru Kitchen
60%
2015ODIAndrew Mathieson
60%
2015-2018ODI+T20Ben Wheeler
60%
1953-1964TestBob Blair
60%
2000-2002ODI+TestBrooke Walker
60%
1982-1996ODIBruce Blair
60%
1968-1971TestBruce Murray
60%
1963-1969TestBryan Yuile
60%
2023ODI+T20Chad Bowes
60%
1930-1937TestCurly Page
60%
2022-2023T20+ODIDane Cleaver
60%
1994-1995ODI+TestDarrin Murray
60%
1997TestDavid Sewell
60%
1984-1986ODI+TestDerek Stirling
60%
1932-1946TestDon Cleverley
60%
1953TestEric Fisher
60%
1955-1966TestEric Petrie
60%
1981-1989ODI+TestGary Robertson
60%
1999TestGary Stead
60%
1931-1937TestGiff Vivian
60%
1976-1981ODI+TestGraham Edwards
60%
1965-1973Test+ODIGraham Vivian
60%
2010-2021ODI+Test+T20Hamish Bennett
60%
2023ODI+T20Henry Shipley
60%
1937-1949TestJack Cowie
60%
1932-1933TestJack Newman
60%
2020-2023T20+ODIJacob Duffy
60%
1951-1958TestJohn Hayes
60%
2023-2024ODI+T20Josh Clarkson
60%
1930-1933TestKen James
60%
1953-1958TestLawrie Miller
60%
1930-1937TestLindsay Weir
60%
1930-1931TestMal Matheson
60%
1968-1981Test+ODIMark Burgess
60%
1990-1998ODI+TestMark Priest
60%
1937-1949TestMartin Donnelly
60%
2003ODIMatthew Walker
60%
1937-1953TestMerv Wallace
60%
2022T20Michael Rippon
60%
1963-1974TestMike Shrimpton
60%
2012-2016T20+ODIMitchell McClenaghan
60%
1992-1995Test+ODIMurphy Su'a
60%
1953-1966TestMurray Chapple
60%
2009-2017ODI+T20+TestNeil Broom
60%
2002-2008ODI+T20Paul Hitchcock
60%
1980-1985ODI+TestPaul McEwan
60%
1976-1977TestPeter Petherick
60%
1990-1991ODIRichard Petrie
60%
1930-1932TestRoger Blunt
60%
1995ODIRoydon Hayes
60%
2010ODIShanan Stewart
60%
1997-2001ODI+TestShayne O'Connor
60%
2012ODITarun Nethula
60%
1947-1953TestTom Burtt
60%
1966TestTom Puna
60%
1965-1974Test+ODIVic Pollard
60%
2000ODIWarren Wisneski
60%
1951-1959TestAlex Moir
50%
1956TestAllen Lissette
50%
2012-2013ODI+T20Andrew Ellis
50%
2013-2016ODI+T20Anton Devcich
50%
1961-1965TestArtie Dick
50%
1969TestBarry Milburn
50%
2023T20Ben Lister
50%
1930-1931TestBill Merritt
50%
1958-1963TestBill Playle
50%
1964-1972TestBob Cunis
50%
1973-1974TestBryan Andrews
50%
1946TestCes Burke
50%
1930-1932TestCyril Allcott
50%
1973-1976Test+ODIDavid O'Sullivan
50%
1961-1969TestDick Motz
50%
1952-1956TestDon Beard
50%
1946TestDon McRae
50%
1930TestEddie McLeod
50%
1937-1947TestEric Tindill
50%
1986-1987ODIErvin McSweeney
50%
1961-1965TestFrank Cameron
50%
1949-1954TestFrank Mooney
50%
1961-1968TestGary Bartlett
50%
1976-1986ODI+TestGary Troup
50%
1949-1955TestGeoff Rabone
50%
1930-1932TestGeorge Dickinson
50%
1946TestGordon Rowe
50%
2011ODI+T20Graeme Aldridge
50%
1961-1972TestGraham Dowling
50%
1966TestGrahame Bilby
50%
1964-1965TestGraham Gedye
50%
1990-2001Test+ODIGrant Bradburn
50%
1953-1954TestGuy Overton
50%
1949-1958TestHarry Cave
50%
1994-1997ODI+TestHeath Davis
50%
1930TestHenry Foley
50%
2005-2009Test+ODI+T20Iain O'Brien
50%
1955TestIan Colquhoun
50%
1931-1932TestIan Cromb
50%
1955-1972TestJack Alabaster
50%
1933-1937TestJack Dunning
50%
1955-1961TestJohn Guy
50%
1958-1964TestJohn Sparling
50%
1964-1968TestJohn Ward
50%
1959TestKen Hough
50%
1995-2003Test+ODIKerry Walmsley
50%
1946TestLen Butterfield
50%
2010-2011T20+ODILuke Woodcock
50%
1998ODIMark Bailey
50%
1930TestMatt Henderson
50%
1953-1956TestMatt Poore
50%
2012ODI+T20Michael Bates
50%
1992-1994Test+ODIMichael Owens
50%
1971-1974TestMurray Webb
50%
1955-1965TestNoel McGregor
50%
1933TestPaul Whitelaw
50%
1973-1974ODIPeter Coman
50%
1965TestPeter Truscott
50%
1980-1984Test+ODIPeter Webb
50%
1993-1994Test+ODIRichard de Groen
50%
1983ODIRichard Webb
50%
1996Test+ODIRobert Kennedy
50%
2012-2013T20Ronnie Hira
50%
1965-1972TestRoss Morgan
50%
1947TestRoy Scott
50%
1956TestSammy Guillen
50%
1937TestSonny Moloney
50%
1965-1973TestTerry Jarvis
50%
1930-1931TestTom Lowry
50%
1951-1958TestTony MacGibbon
50%
1955-1956TestTrevor McMahon
50%
1946-1952TestVerdun Scott
50%
1979ODIWarren Stott
50%
1964TestWynne Bradburn
50%
1997-2001ODIAndrew Penn
40%
2009ODI+T20Brendon Diamanti
40%
1933TestDoug Freeman
40%
1949-1951TestFen Cresswell
40%
2015-2018T20+ODIGeorge Worker
40%
1952-1956TestGordon Leggat
40%
1930TestHerb McGirr
40%
1954TestIan Leggat
40%
1953-1956TestJohn Beck
40%
1958TestJohn D'Arcy
40%
1990ODIJonathon Millmow
40%
1994-1995ODIMark Douglas
40%
1955-1958TestNoel Harford
40%
1937TestNorman Gallichan
40%
1952TestRay Emery
40%
1968TestRoy Harford
40%
1953TestTed Meuli
40%
1958TestTrevor Meale
40%
1959TestBruce Bolton
30%
2005ODILance Hamilton
30%
1961-1963TestPaul Barton
30%
2003-2005ODITama Canning
30%
1956TestTrevor Barber
30%

Score Distribution

Percentile by Number Answered

Percent of People with Each Score

Your Score History

You have not taken this quiz since the last reset